000 00499nam a22001812 4500
001 0000004409
005 20170406115813.0
008 140916s xx 000 0 eng d
020 _c$
040 _aYour Holding Symbol
_cYour Holding Symbol
100 1 _aJoyce's,James.
245 1 0 _aPortrait of the artist as a young man and dubliners.
250 _a ed.
260 _aNew york :
_bMonarch press,
_c1964.
300 _a112 p. ;
_c cm.
650 0 _afiction.
908 _a140916
999 _c4239
_d4239